| 000 | 00460 a2200157 4500 | ||
|---|---|---|---|
| 005 | 20250619144350.0 | ||
| 020 | _a0675-208297-04 | ||
| 082 | _a301 WAL | ||
| 100 | _aWALKER, J . E. | ||
| 245 | _aBehavior Management : A Practical Approach For Educators. | ||
| 250 | _a4th Ed. | ||
| 260 |
_aColumbus, _bMerrill Publishing Company, _c1988. |
||
| 300 |
_axi, 290p.: ill.; figure, picture, _bIndex & References _c25cm |
||
| 700 | _aSHEA, T . M. | ||
| 942 |
_2ddc _cBKS |
||
| 999 |
_c278 _d278 |
||